000 00320nam a2200133 a 4500
005 20140414131917.0
008 101020s19uu xx 00 eng d
050 _aER
_bT25 2004
100 _aJohnston, Tony
245 _a10 Fat turkeys.
260 _aNew York :
_bScholastic ,
_c2004.
440 _a
999 _c111561
_d111561